000
00313nam a22001337a 4500
008
221121b ||||| |||| 00| 0 eng d
041
_a
eng
080
_a
575
082
_a
575CRO
100
_a
13
101
_a
BIO
245
_a
HISTORICAL STUDIES IN THE LANGUAGE OF CHEMISTRY
_c
CROSLAND M.P
942
_2
udc
_c
BK
999
_c
58969
_d
58969